Größte Hauptstädte A-Z - Statistiken

Allgemein
  • Dieses Quiz wurde 310 mal gespielt
    287 seit der letzten Aktualisierung
  • Das Durchschnittsergebnis liegt bei 11 aus 24
Antwortstatistiken
Buchstabe größte Hauptstadt % Korrekt
P Peking
84%
T Tokio
84%
M Moskau
79%
L London
73%
J Jakarta
64%
Q Quito
58%
A Ankara
56%
B Bangkok
55%
I Islamabad
51%
U Ulaanbaatar
50%
H Hanoi
48%
S Seoul
46%
Z Zagreb
46%
K Kinshasa
44%
N Nairobi
41%
D Dhaka
40%
W Wien
39%
C Caracas
37%
R Riad
36%
V Vientiane
26%
Y Yamoussoukro
26%
F Freetown
23%
G Guatemala-Stadt
18%
O Ouagadougou
17%
Keine übereinstimmenden Quizze gefunden
Verteilung der Resultate
Anzahl Personen mit jedem Resultat
Perzentil nach korrekt beantworteten Fragen
Ihre Resultats-Entwicklung
Sie haben dieses Quiz seit der letzten Aktualisierung nicht gespielt